000 00661nam a2200217 i 4500
001 72745
003 ES-MaACL
005 20260212175243.0
007 t|
008 190906s1961 sp ||||1| spa d
100 0 _aChaumont, Charles.
_938208
245 1 3 _aLa O.N.U. /
_cpor Charles Chaumont ; [traducido por J.M. Aguirre].
260 _aBilbao :
_bSendo,
_c1961.
300 _a150 p. ;
_c18 cm.
490 1 _aColección "Ser: Saber" ;
_v1
610 2 4 _aNaciones Unidas.
_95955
700 _aAguirre Oar, José Miguel,
_d1924-
_9236121
830 0 _aColección "Ser: Saber" ;
_v1
_9183793
852 _aES-MaACL
_jP-792-Bis-1
999 _c72745
_d72745